| 000 | 00920nam a22002177a 4500 | ||
|---|---|---|---|
| 999 |
_c181 _d181 |
||
| 003 | AR-CdUCM | ||
| 008 | 190222b ||||| |||| 00| 0 spa d | ||
| 040 |
_aMUNICIPALIDAD PROVINCIAL DEL CUSCO _cBIBLIOTECA MUNICIPAL DEL CUSCO |
||
| 082 |
_a920 / _bC46 |
||
| 100 |
_aCenturión Vallejo, Héctor _9829 |
||
| 245 |
_aJosé Faustino Sánchez Carrión : _bMinistro del Libertador / _cCenturión Vallejo, Héctor |
||
| 260 |
_aTrujillo - Perú : _bTalleres gráficos de la Universidad Nacional de Trujillo, _c1984. |
||
| 300 |
_a224 páginas ; _bilustraciones, _c20 cm. |
||
| 440 |
_aArchivo general de la Nación Caracas / Venezuela _n22 _9830 |
||
| 505 | _aLa familia Sánchez Carrión -- Monarquía y República -- Bolívar en el Perú -- Viaje de Bolívar a Huamachuco ... | ||
| 650 |
_aHistoria. _9136 |
||
| 650 |
_aRepública. _9831 |
||
| 650 |
_aAmérica del Sur _9742 |
||
| 942 |
_2ddc _cLIBROS |
||
| 945 |
_aachl _d2019-02-22 |
||